000 00325cam a2200145ua 4500
999 _c2481
_d2481
005 20200403045542.0
008 131126n II |||gr||||Z||||||eng
040 _aMAIN
_c
082 _a910.1312 AGA
100 _aAGARWALA, S.N.
245 _aPOPULATION
250 _a1st
942 _cBK
_2ddc
653 _aPopulation Geography